000 00545nmm a2200169Ia 4500
008 251105s9999||||xx |||||||||||||||||und||
020 _a9788413404585
041 _aspa
100 _aLuis, Jean-Philippe
245 0 _aAguado, o la embriaguez de la fortuna. :
_b Un genio de los negocios
264 _a[Madrid, España] :
_bPrensas Universitarias de Zaragoza,
_c2023
300 _a502 páginas
490 _aCiencias sociales
650 _aHistory of Europe: Spain
856 _uhttps://public.digitaliapublishing.com/a/127834
942 _cCF
999 _c76408
_d76408